Central Library OPAC University of Rajshahi

Efficiency in universities: (Record no. 43205)

MARC details
000 -LEADER
fixed length control field 01146nam a2200301 a 4500
001 - CONTROL NUMBER
control field 43205
003 - CONTROL NUMBER IDENTIFIER
rucl marc code BD-RjUL
005 - DATE AND TIME OF LATEST TRANSACTION
control field 20211209053648.0
008 - FIXED-LENGTH DATA ELEMENTS--GENERAL INFORMATION
fixed length control field 160620s1974 ne a b 101 0 eng d
020 ## - INTERNATIONAL STANDARD BOOK NUMBER
International Standard Book Number 0444411984 (NewYork)
035 ## - SYSTEM CONTROL NUMBER
System control number (BD-RjUL)43323
040 ## - CATALOGING SOURCE
Original cataloging agency DLC
Transcribing agency DLC
Modifying agency BD-RjUL
Language of cataloging eng
041 ## - LANGUAGE CODE
Language code of text/sound track or separate title eng
082 ## - DEWEY DECIMAL CLASSIFICATION NUMBER
Classification number 378.1550941
Author mark and year EFF 1974
245 00 - TITLE STATEMENT
Title Efficiency in universities:
Remainder of title The La Paz papers. /
Statement of responsibility, etc. Edited by Keith G. Lumsden
260 ## - PUBLICATION, DISTRIBUTION, ETC. (IMPRINT)
Place of publication, distribution, etc. Amsterdam ;
-- New York :
Name of publisher, distributor, etc. Elsevier Scientific Publ. Co,
Date of publication, distribution, etc. c1974
300 ## - PHYSICAL DESCRIPTION
Pagination x, 280 p. :
Illustrations ill. ;
Size 24 cm
490 1# - SERIES STATEMENT
Series statement Studies on education ;
Volume/sequential designation 4
500 ## - GENERAL NOTE
General note Papers of a conference held in La Paz, Mexico in June, 1972, sponsored by the Esmée Fairbairn Economics Research Center
504 ## - BIBLIOGRAPHY, ETC. NOTE
Bibliography, etc Bibliography: p. 267-271 and index
650 #0 - SUBJECT ADDED ENTRY--TOPICAL TERM
Topical term or geographic name as entry element Education, Higher
General subdivision Aims and objectives
-- Congresses
9 (RLIN) 132690
Topical term or geographic name as entry element Education, Higher
General subdivision Economic aspects
-- Congresses
9 (RLIN) 132691
700 1# - ADDED ENTRY--PERSONAL NAME
Personal name Lumsden, Keith G.
710 2# - ADDED ENTRY--CORPORATE NAME
Corporate name or jurisdiction name as entry element Esmée Fairbairn Economics Research Center.
9 (RLIN) 132693
830 #0 - SERIES ADDED ENTRY--UNIFORM TITLE
Uniform title Studies on education ;
Volume number/sequential designation 4.
942 ## - ADDED ENTRY ELEMENTS (KOHA)
Source of classification or shelving scheme Dewey Decimal Classification
Koha item type Books
Holdings
Lost status Source of classification or shelving scheme Damaged status Not for loan Collection code Permanent Location Current Location Shelving location Date acquired Source of acquisition Total Checkouts Full call number Date last seen Copy number Koha item type
  Dewey Decimal Classification     Non-fiction Central Library, University of Rajshahi Central Library, University of Rajshahi   31/03/1979 Netherland   378.1550941 EFF 1974 20/06/2016 C-2 Books
  Dewey Decimal Classification     Non-fiction Central Library, University of Rajshahi Central Library, University of Rajshahi   20/09/1980 Netherland   378.1550941 EFF 1974 20/06/2016 C-3 Books
  Dewey Decimal Classification     Non-fiction Central Library, University of Rajshahi Central Library, University of Rajshahi   20/09/1980 Netherland   378.1550941 EFF 1974 20/06/2016 C-4 Books
  Dewey Decimal Classification   Not For Loan Non-fiction Central Library, University of Rajshahi Central Library, University of Rajshahi Reading Room 31/03/1979 Netherland   378.1550941 EFF 1974 02/01/2017 C-1 Books